Library Banner

Creative interventions for bereaved children (Record no. 62548)

MARC details
000 -LEADER
fixed length control field 00483nam a2200181Ia 4500
001 - CONTROL NUMBER
control field 62118
008 - FIXED-LENGTH DATA ELEMENTS--GENERAL INFORMATION
fixed length control field 141119s9999 xx 000 0 und d
020 ## - INTERNATIONAL STANDARD BOOK NUMBER
International Standard Book Number 096851992X
040 ## - CATALOGING SOURCE
Transcribing agency PK-LaUMT
082 ## - DEWEY DECIMAL CLASSIFICATION NUMBER
Classification number 155.937083
Item number LOW-C
100 ## - MAIN ENTRY--PERSONAL NAME
Personal name Lowenstein, Liana
245 ## - TITLE STATEMENT
Title Creative interventions for bereaved children
Statement of responsibility, etc Lowenstein, Liana
260 ## - PUBLICATION, DISTRIBUTION, ETC. (IMPRINT)
Place of publication, distribution, etc Toronto,Canada:
Name of publisher, distributor, etc Champion Press,
Date of publication, distribution, etc 2006
300 ## - PHYSICAL DESCRIPTION
Extent 194 p.
546 ## - LANGUAGE NOTE
Language note EN
650 ## - SUBJECT ADDED ENTRY--TOPICAL TERM
Topical term or geographic name as entry element Bereavement in children
942 ## - ADDED ENTRY ELEMENTS (KOHA)
Koha item type Books
Holdings
Withdrawn status Lost status Damaged status Not for loan Home library Current library Date acquired Total Checkouts Full call number Barcode Date last seen Date checked out Price effective from Koha item type
        UMT Main Campus UMT Main Campus 2014-11-18 5 155.937083 LOW-C 83058 2020-01-04 2019-12-18 2014-11-20 Books